| 000 | 00873cam a2200241 4500 | ||
|---|---|---|---|
| 001 | L159554 | ||
| 008 | 170907n2011 000 0 eng u | ||
| 020 | _a9782884320689 | ||
| 035 | _a(Sirsi) u159554 | ||
| 041 | 0 | _aeng | |
| 050 |
_a624.08 _c18 |
||
| 110 |
_aFederation Internationale des Ingenieurs-Conseils _9764 |
||
| 245 | _aConditions of Subcontract for construction for building and engineering works designed by the employer. | ||
| 260 |
_aLausanne _bFIDIC _c2011 |
||
| 300 |
_a46p. _c30cm. |
||
| 520 | _aIncludes guidance for the preparation of particular conditions of sub-contract, forms of letter of sub-contractor's offer, contractor's form of acceptance and sub-contract agreement | ||
| 590 | _aNTK | ||
| 650 | _aENGINEERING CONTRACTS | ||
| 650 | _aINTERNATIONAL CONTRACTS | ||
| 651 | 4 | _aInternational | |
| 690 |
_aContracts _96232 |
||
| 942 | _n0 | ||
| 999 |
_c115994 _d115994 |
||